Music Quiz

Random Music Quiz
Score 0/49 Timer 08:00
0 Plays Today
Album Song % Correct
Hybrid TheoryIn the End
80.8%
Hybrid TheoryPapercut
79.5%
MeteoraNumb
79.2%
Minutes to MidnightWhat I've Done
70.6%
Hybrid TheoryCrawling
69.1%
MeteoraFaint
68.6%
Minutes to MidnightBleed It Out
66.7%
Single (No Album)New Divide
62.5%
A Thousand SunsThe Catalyst
61.6%
MeteoraBreaking the Habit
60%
Minutes to MidnightGiven Up
59.2%
MeteoraSomewhere I Belong
58%
Minutes to MidnightValentine's Day
54.8%
Minutes to MidnightLeave Out All The Rest
54.7%
A Thousand SunsWaiting For The End
54.5%
MeteoraFigure.09
53.7%
Minutes to MidnightShadow of the Day
53.6%
A Thousand SunsIridescent
52.8%
Hybrid TheoryA Place For My Head
52.7%
Minutes to MidnightNo More Sorrow
51.6%
MeteoraDon't Stay
51.6%
Hybrid TheoryRunaway
49.9%
Minutes to MidnightIn Pieces
48.3%
MeteoraLying from You
48.1%
Hybrid TheoryPoints of Authority
48.1%
Album Song % Correct
Hybrid TheoryWith You
48.1%
Minutes to MidnightHands Held High
47%
A Thousand SunsRobot Boy
46.8%
Hybrid TheoryForgotten
46.6%
Hybrid TheoryPushing Me Away
46.6%
Minutes to MidnightIn Between
46.3%
MeteoraFrom the Inside
45.9%
A Thousand SunsBurning in The Skies
45%
A Thousand SunsBlackout
44.8%
MeteoraEasier to Run
44.2%
MeteoraHit the Floor
43.9%
Minutes to MidnightWake
43.7%
A Thousand SunsThe Messenger
42.8%
Hybrid TheoryBy Myself
42.8%
A Thousand SunsWhen They Come For Me
42.2%
A Thousand SunsWretches & Kings
41.5%
Minutes to MidnightThe Little Things Give You Away
41.3%
MeteoraNobody's Listening
40.2%
A Thousand SunsThe Requiem
35.3%
A Thousand SunsThe Radiance
33.5%
A Thousand SunsJornada Del Muerto
29.6%
A Thousand SunsWisdom, Justice, and Love
28.2%
A Thousand SunsFallout
27.8%
A Thousand SunsEmpty Spaces
26.3%
Come Together.
Have Fun.
All Virtual.
We all need to come together. Play Sporcle's virtual live trivia to have fun, connect with people, and get your trivia on. Join a live hosted trivia game for your favorite pub trivia experience done virtually. If a virtual private party is more your thing, go here for details.

You're not logged in!

Compare scores with friends on all Sporcle quizzes.
OR
Log In

Sporcle TV

Today on Sporcle TV


Watch our educational content, quiz creation guides, and fun videos on Sporcle TV.

Show Comments

Extras

Created Feb 23, 2011ReportNominate
Tags:Linkin Park

Top Quizzes Today


Score Distribution

Paid Content

Your Account Isn't Verified!

In order to create a playlist on Sporcle, you need to verify the email address you used during registration. Go to your Sporcle Settings to finish the process.

Report this User

Report this user for behavior that violates our Community Guidelines.

Details: